| 000 | 01139nam a22002537a 4500 | ||
|---|---|---|---|
| 005 | 20090619155435.0 | ||
| 008 | 090619t xxu||||| |||| 00| 0 mar d | ||
| 010 | _aMAR-20063 | ||
| 020 |
_a9788190779197 _c220.00 |
||
| 035 | _aMR-12721 | ||
| 037 | _bDBAD / PUB | ||
| 040 |
_aDPL _bMR |
||
| 082 | _a158.1 | ||
| 100 | _aमराठे,रमा | ||
| 245 |
_aचॅम्पियन व्हा / _cरमा मराठे |
||
| 246 |
_aChampian Vaha _bby Rama Marathe |
||
| 260 |
_aपुणे _bमेहता पब्लिशिंग हाऊस _c2009 |
||
| 270 |
_a9141 सदाशिव पेठ,माडीवाले कॉलनी _bपुणे _e4110030 _k020-24476924 |
||
| 300 |
_aसात,296पृ _c22 सेमी (अजिल्द) |
||
| 650 | _aव्यक्तिमत्व विकास | ||
| 650 | _aPersonality Development | ||
| 942 |
_2ddc _cMR _h158.1 _mमराठे |
||
| 999 |
_c27662 _d27662 |
||